[Event "St Petersburg Korchnoi Memorial op"]
[Site "St Petersburg"]
[Date "2023.08.21"]
[Round "6"]
[White "Mochalov, Daniil"]
[Black "Shubenkova, Veronika"]
[Result "1/2-1/2"]
[WhiteElo "1695"]
[BlackElo "2050"]
[PlyCount "113"]
[EventDate "2023.08.18"]
[EventType "swiss"]
[EventRounds "9"]
[EventCountry "RUS"]
[SourceTitle "CBM 216 Extra"]
[Source "ChessBase"]
[SourceDate "2023.11.30"]
[SourceVersion "1"]
[SourceVersionDate "2023.11.30"]
[SourceQuality "1"]

1. d4 d5 2. c4 c6 3. Nf3 Nf6 4. g3 g6 5. Bg2 Bg7 6. 0-0 0-0 7. b3 Bf5 8. Bb2 Na6 9. Nc3 Ne4 10. Rc1 Bh6 11. e3 Nxc3 12. Bxc3 Be4 13. Bh3 Bxf3 14. Qxf3 e6 15. Rcd1 f5 16. Qe2 Nc7 17. f3 Qg5 18. Rfe1 Qh5 19. Bg2 Rf7 20. e4 f4 21. g4 Qh4 22. Bb4 Bf8 23. Bxf8 Raxf8 24. Qf2 Qe7 25. exd5 cxd5 26. c5 b6 27. b4 bxc5 28. bxc5 Rb8 29. h4 Ne8 30. Bf1 Ng7 31. Bd3 Qe8 32. Rd2 Qa4 33. Re5 Kh8 34. Bc2 Qa3 35. Rde2 Qc3 36. Kg2 a5 37. Kg1 Rfb7 38. Kg2 Rb4 39. h5 gxh5 40. Qh4 Rb2 41. Rxh5 Rxc2 42. Rxh7+ Kg8 43. Rxg7+ Kxg7 44. Qe7+ Kh8 45. Qf6+ Kh7 46. Qf7+ Kh8 47. Qh5+ Kg7 48. Qg5+ Kh7 49. Qh5+ Kg7 50. Qe5+ Kh7 51. Qh5+ Kg7 52. Qg5+ Kh7 53. Qe7+ Kh8 54. Qf6+ Kh7 55. Qf7+ Kh8 56. Qh5+ Kg7 57. Qe5+ 1/2-1/2